| 000 | 00784nam a2200229 a 4500 | ||
|---|---|---|---|
| 005 | 20210223125852.0 | ||
| 008 | 060403s2004 mx r 000 0 spa d | ||
| 020 | _a9684098235 | ||
| 035 | _aUPN01000143694 | ||
| 049 | _aCG | ||
| 050 | 4 |
_aHC29 _bL3.6 |
|
| 100 | 1 | _aLandrum, Gene N. | |
| 245 | 1 | 0 |
_aPerfil de los genios : _b13 hombres creativos que cambiaron al mundo / _cGene N. Landrum ; tr. Luis Gabriel Torres. |
| 260 |
_aMéxico : _bEDAMEX, _c2004. |
||
| 300 | _a354 p. | ||
| 440 | 0 | _aHistoria, biografías y testimonios | |
| 534 |
_pTraducción de: _tProfiles of genius : thirteen creative men who changed the world |
||
| 650 | 4 |
_aHOMBRES DE NEGOCIOS _95645 |
|
| 650 | 4 |
_aAPTITUD CREADORA EN LOS NEGOCIOS _94962 |
|
| 650 | 4 |
_aEXITO EN LOS NEGOCIOS _94477 |
|
| 905 | _aLibro | ||
| 999 |
_c115841 _d115841 |
||